000 00514nam a2200169Ia 4500
999 _c22704
_d22704
003 OSt
005 20210104144716.0
008 190216s9999||||xx |||||||||||||| ||und||
040 _coclc
082 _a894.812
_bMOH/A
100 _aMohamed, K M
_92122
245 0 _aArabi Sahithyathinu Keralathinte Sambhavanakal /
_cK M Mohamed
260 _bAshrafi Book center,
_aTirurangadi:
_c2005.
300 _a256p
650 _aIslamic History
942 _cBK
_2ddc
_h894.812
_iMOH/A
_k894.812
_mMOH/A